Son De Amores - Andy y Lucas, Abraham Mateo, Lérica - Estadísticas

Estadísticas generales
  • Esta prueba ha sido intentada 55 veces
  • La puntuación promedio es 192 de 300
Estadísticas de respuestas
Letra % Correcto
a
100%
amores
97%
Amores
97%
de
97%
De
97%
Son
97%
son
97%
que
93%
Que
93%
matan
90%
rien
83%
amargan
79%
lloran
76%
lo
76%
y
76%
Y
76%
la
72%
ha
69%
Deja
66%
deja
66%
en
66%
llorar
66%
mi
66%
no
66%
No
66%
por
66%
si
66%
te
66%
tu
66%
66%
cómo
62%
como
62%
el
62%
loca'
62%
niña
62%
encuentras
59%
han
59%
Perdona
59%
sola
59%
las
55%
más
55%
Pero
55%
pregunto
55%
ti
55%
visto
55%
esa
52%
me
52%
niño
52%
Pa
52%
pa
52%
Ay
48%
calles
48%
comentado
48%
consuelo
48%
cristal
48%
está
48%
fantasía
48%
lagrimillas
48%
llanto
48%
para
48%
se
48%
tanto
48%
una
48%
agobian
45%
Comentan
45%
dejado
45%
esas
45%
existe
45%
llores
45%
sécate
45%
altas
41%
amiga
41%
engañan
41%
horas
41%
lado
41%
Llorando
41%
solo
41%
faltan
38%
juegan
38%
rescatar
38%
seguro
38%
tiempo
38%
volverá
38%
toda
34%
eso
28%
Porque
28%
Le
24%
den
17%
ese
17%
mañana
17%
pelo
17%
romero
17%
bueno
14%
entre
14%
ganas
14%
malo
14%
puse
14%
romperte
14%
siete
14%
soltarte
14%
ventana
14%
vestido
14%
llorarle
10%
mientras
10%
puedas
10%
recogerte
10%
vaya
10%
beat
7%
Controlando
7%
No se encontraron pruebas coincidentes
Distribución de puntuación
Porcentaje de gente con cada puntuación
Porcentaje por número respondido
Historial de tus puntuaciones
No has intentado esta prueba.